| 000 | 01200nam a2200313 a 4500 | ||
|---|---|---|---|
| 001 | 000006461 | ||
| 003 | DO-SdBNP | ||
| 005 | 20221122091848.0 | ||
| 008 | 090831s2000 dr ab 000 0 spa d | ||
| 020 | _a9993430013 | ||
| 040 |
_aBPMSU _bspa _cBPMSU |
||
| 082 | 4 |
_a383.497293 _bR252c 2000 _222 |
|
| 100 | 1 |
_aRavelo A., Oscar E., _d1911- |
|
| 245 | 1 | 3 |
_aEl correo en Santo Domingo : _bhistoria documentada / _cOscar E. Ravelo A. |
| 250 | _aEd. fascím | ||
| 260 |
_aSanto Domingo : _bBanco Central de la República Dominicana, _c2000. |
||
| 300 |
_a238 p. : _bil., map. ; _c23 cm. |
||
| 500 | _aIncluye índice de nombres | ||
| 500 | _aIncluye datos biográficos del autor en la solapa de la cubierta | ||
| 504 | _aIncluye referencias bibliográficas y notas al pie de las páginas. | ||
| 504 | _aBibliografía : p. 225-228 | ||
| 505 | 0 |
_gv. 1. _tDesde la época precolombina hasta el período de la anexión |
|
| 533 | _aReproducción fascimilar de la edición de : Ciudad Trujillo: Imprenta la opinión, 1944 | ||
| 590 | _6Inventariado, 2022/VM | ||
| 650 | 4 |
_aCorreos _xHistoria _zRepública Dominicana |
|
| 650 | 4 |
_aCorreo _xLegislación |
|
| 910 | _aVMateo V./Validado | ||
| 942 |
_2ddc _cBK |
||
| 999 |
_c14339 _d14339 |
||